| 000 | 00509nam a2200145Ia 4500 | ||
|---|---|---|---|
| 008 | 231129s2010||||xx |||||||||||||| ||spa|| | ||
| 020 | _a978-958-30-3402-2 | ||
| 040 | _bspa | ||
| 082 | _aR 591.03 J66g | ||
| 100 | _aJohnson Jinny | ||
| 245 | 0 | _aLa gran enciclopedia de los animales / Jinny Johnson ; Asesor científico Philip Whitfield; traductor Fernando Bort Misol; ilustradores Graham Allen... /et al. | |
| 260 | _c2010 | ||
| 264 | _aPanamericana | ||
| 942 |
_2ddc _cBKS |
||
| 999 |
_c17235 _d17235 |
||